Az asphalt járda
Správa o tom, že po odsúhlasení návrhov zákonodarnej komisie Zemplínskej župy začali sa práce sa výstavbe asfaltových chodníkov v Humennom v júli roku 1913. Prvý chodník bude na Kostolnej ulici (Templom utca).
| Médium: | Článok |
|---|---|
| Jazyk: | Hungarian |
| Témy: | |
| Zdroj: |
1. Homonna és Vidéke : Hetilap 1. Roč. 13, č. 28 (06.07.1913) s. 2 |
| LEADER | 00970nab#a2200301#ar4500 | ||
|---|---|---|---|
| 001 | 000071995 | ||
| 003 | SVKKK | ||
| 005 | 20020116xxxxxxx. | ||
| 008 | 06 c xo huno | ||
| FMT | |||
| 038 | |a SVKKK | ||
| 040 | |a SVKKK |b slo |e AACR2 | ||
| 041 | 0 | |a hun | |
| 044 | |a xo |c SK | ||
| 080 | |a 352 | ||
| 242 | 1 | 0 | |a Asfaltový chodník |
| 245 | 0 | 0 | |a Az asphalt járda |
| 500 | |a mikrofilm | ||
| 520 | 2 | |a Správa o tom, že po odsúhlasení návrhov zákonodarnej komisie Zemplínskej župy začali sa práce sa výstavbe asfaltových chodníkov v Humennom v júli roku 1913. Prvý chodník bude na Kostolnej ulici (Templom utca). | |
| 650 | 0 | 4 | |a správa mestská, Humenné - výstavba chodníkov - práce započaté - Humenné - júl 1913 - správy |
| 773 | 0 | |t Homonna és Vidéke : Hetilap |g Roč. 13, č. 28 (06.07.1913) s. 2 | |
| 957 | |a Humenné | ||
| 958 | |a DG | ||
| 958 | |a SK | ||
| 974 | |a Ba |d 20020116 | ||
| 992 | |a RBX | ||
| BAS | |||
| 998 | |a RETRO | ||